Estatísticas para Todos os jogadores do Porto FC

Clique aqui para jogar o quiz

Estatísticas Gerais

  • Esse quiz foi jogado 58 vezes
  • A pontuação média é 21 de 29

Estatísticas das Respostas

NumeroJogador% Correto
3Pepe
98%
11Pepê
98%
99Diogo Costa
92%
9Mehdi Taremi
92%
TreinadorSergio Conceição
92%
30Evanilson
88%
10Francisco Conceição
88%
23João Mario
84%
13Galeno
82%
22Alan Varela
78%
2Fabio Cardoso
76%
4David Carmo
73%
5Ivan Marcano
73%
6Stephen Eustaquio
73%
18Wendell
73%
70Gonçalo Borges
71%
12Zaidu
71%
29Toni Martinez
69%
14Claudio Ramos
67%
94Samuel Portugal
65%
19Danny Namaso
63%
8Marko Grujic
63%
17Ivan Jaime
61%
16Nico Gonzalez
57%
20Andre Franco
55%
15Jorge Sanchez
53%
21Fran Navarro
51%
7Gabriel Veron
49%
28Romario Baro
45%

Distribuição das Pontuações

Percentil de Números Respondidos

Porcentagem de Pessoas com Cada Pontuação

Sua Pontuação Histórica

Você não jogou esse quiz